[Event "Turkish Super League 2019"]
[Site "Konya"]
[Date "2019.07.19"]
[Round "3"]
[White "Moiseenko, Vadim"]
[Black "Durarbayli, Vasif"]
[Result "1/2-1/2"]
[WhiteElo "2523"]
[BlackElo "2637"]
[Annotator "TA"]
[PlyCount "67"]
[EventDate "2019.07.17"]
[EventType "team-tourn"]
[EventCountry "TUR"]
[SourceTitle "playchess.com"]
[Source "ChessBase"]
[SourceQuality "1"]

{[%evp 9,67,21,32,44,33,24,27,23,27,28,22,20,33,-4,-11,-9,-17,-10,-22,-5,-9,-28,-8,-5,-17,-24,0,-17,8,8,8,-23,-8,-17,0,0,0,0,22,0,58,58,95,98,97,88,117,106,107,119,89,9,26,16,23,0,0,0,0,0]} 1. e4 c5 2. Nf3 d6 3. Bb5+ Nd7 4. a4 Ngf6 5. Nc3 e5 (5... a6 6. Be2 b6 7. d4 cxd4 8. Qxd4 Bb7 9. O-O e5 10. Qe3 Be7 11. Nd2 O-O 12. Rd1 Qc7 13. Nc4 {1-0 (39) Giri,A (2783)-Salem,A (2660) St Petersburg 2018}) 6. d3 {B51: Sicilian: Moscow Variation (3 Bb5+) without 3...Bd7} Be7 7. O-O O-O 8. a5 {White has an edge.} a6 $146 ({Predecessor:} 8... Nb8 9. Ne2 a6 10. Bc4 Nc6 {½-½ (43) Mammadova,G (2357)-Petrenko,S (2136) Riga 2017}) 9. Bc4 Nb8 {[%cal Bd7b8,Bb8c6,Bc6d4,Bd4f3][%mdl 32]} 10. Bd2 Nc6 11. Ne2 Bg4 12. Ng3 Nd4 13. c3 Nxf3+ 14. gxf3 Be6 15. Re1 Re8 16. Bxe6 fxe6 17. f4 Kh8 18. Qe2 Qc7 19. fxe5 dxe5 20. Rf1 Bd6 21. Kh1 Rf8 22. Rg1 Rf7 23. Nf1 {[%cal Bg3f1,Bf1e3,Be3c4][%mdl 32]} Raf8 24. Rg2 Ng8 (24... g6 $11) 25. Ne3 $14 Qd8 26. Nc4 Ne7 27. Rag1 Ng6 28. Qh5 {[#] aiming for Rxg6.} Nf4 29. Bxf4 $1 exf4 30. Rg6 (30. Rg5 $16) 30... Bc7 $1 $11 31. Rxe6 Qxd3 32. Qxf7 {[%cal Rf7f8]} Qf3+ {[%mdl 64] [#] Double Attack} 33. Rg2 {[%cal Rf7f8]} Qd1+ 34. Rg1 {Accuracy: White = 58%, Black = 46%.} 1/2-1/2

[Event "Turkish Super League 2019"]
[Site "Konya"]
[Date "2019.07.19"]
[Round "3"]
[White "Asadli, Vugar"]
[Black "Can, Emre"]
[Result "1/2-1/2"]
[WhiteElo "2502"]
[BlackElo "2595"]
[Annotator "ChessBase"]
[PlyCount "67"]
[EventDate "2019.07.17"]
[EventType "team-tourn"]
[EventCountry "TUR"]
[SourceTitle "playchess.com"]
[Source "ChessBase"]
[SourceQuality "1"]
[TimeControl "40/5400+30:1800+30"]

1. e4 {[%emt 0:21:30]} c5 {[%emt 0:22:30]} 2. Nf3 {[%emt 0:00:30]} d6 {[%emt 0:00:30]} 3. d4 {[%emt 0:00:30]} cxd4 {[%emt 0:00:30]} 4. Nxd4 {[%emt 0:00:30]} Nf6 {[%emt 0:00:30]} 5. Nc3 {[%emt 0:00:30]} a6 {[%emt 0:00:30]} 6. Bg5 {[%emt 0:00:30]} e6 {[%emt 0:00:30]} 7. f4 {[%emt 0:00:30]} Qb6 {[%emt 0:00:30]} 8. Qd3 {[%emt 0:00:30]} Qxb2 {[%emt 0:00:30]} 9. Rb1 {[%emt 0:00:30]} Qa3 {[%emt 0:00:30]} 10. f5 {[%emt 0:00:30]} Qa5 {[%emt 0:00:30]} 11. Be2 {[%emt 0:00:30]} Nc6 {[%emt 0:00:30]} 12. Bxf6 {[%emt 0:00:30]} gxf6 {[%emt 0:00:30]} 13. fxe6 {[%emt 0:00:30]} fxe6 {[%emt 0:00:30]} 14. Nxc6 {[%emt 0:00:30]} bxc6 {[%emt 0:00:30]} 15. O-O {[%emt 0:00:30]} Be7 {[%emt 0:00:30]} 16. Bg4 {[%emt 0:00:30]} O-O {[%emt 0:00:30]} 17. Kh1 {[%emt 0:00:30]} Kh8 {[%emt 0:07:30]} 18. Ne2 {[%emt 0:06:30]} f5 {[%emt 0:07:30]} 19. exf5 {[%emt 0:00:30]} exf5 {[%emt 0:00:30]} 20. Bf3 {[%emt 0:12:30]} Qc5 {[%emt 0:09:30]} 21. Nd4 {[%emt 0:03:30]} Bf6 {[%emt 0:00:30]} 22. Rfd1 {[%emt 0:03:30]} Bxd4 {[%emt 0:09:30]} 23. Qxd4+ {[%emt 0:00:00]} Qxd4 {[%emt 0:00:30]} 24. Rxd4 {[%emt 0:00:00]} Be6 {[%emt 0:02:30]} 25. Rxd6 {[%emt 0:04:30]} Bxa2 {[%emt 0:00:30]} 26. Ra1 {[%emt 0:01:30]} Bc4 {[%emt 0:00:30]} 27. Kg1 {[%emt 0:00:30]} Kg7 {[%emt 0:02:30]} 28. Rd4 {[%emt 0:00:30]} Be6 {[%emt 0:03:30]} 29. Rd6 {[%emt 0:01:30]} Bc4 {[%emt 0:01:30]} 30. Rd4 {[%emt 0:00:00]} Be6 {[%emt 0:00:30]} 31. Bxc6 {[%emt 0:04:00]} Ra7 {[%emt 0:00:30]} 32. Rd6 {[%emt 0:01:30]} Rf6 {[%emt 0:01:30]} 33. Bb5 {[%emt 0:02:30]} Bc8 {[%emt 0:02:30]} 34. Rd8 {[%emt 0:00:30]} 1/2-1/2

[Event "Turkish Super League 2019"]
[Site "Konya"]
[Date "2019.07.19"]
[Round "3"]
[White "Quparadze, Giga"]
[Black "Firouzja, Alireza"]
[Result "0-1"]
[WhiteElo "2499"]
[BlackElo "2685"]
[Annotator "TA"]
[PlyCount "58"]
[EventDate "2019.07.17"]
[EventType "team-tourn"]
[EventCountry "TUR"]
[SourceTitle "playchess.com"]
[Source "ChessBase"]
[SourceQuality "1"]

{[%evp 15,58,10,4,0,0,0,8,0,3,0,13,0,0,0,0,0,11,11,11,11,13,12,6,-1,0,-34,29,32,68,77,78,-176,-194,-563,-566,-544,-544,-560,-560,-564,-525,-637,-633,-713,-668]} 1. e4 c5 2. Nf3 d6 3. d4 cxd4 4. Nxd4 Nf6 5. Nc3 a6 6. g3 e5 7. Nde2 Be7 8. Bg2 b5 {[%cal Bb7b5,Bb5b4][%mdl 32]} 9. a4 {B91: Sicilian Najdorf: 6 g3} (9. Nd5 Nbd7 10. Nec3 Nb6 11. Nxf6+ Bxf6 12. O-O O-O 13. b3 b4 14. Nd5 Nxd5 15. Qxd5 Be6 16. Qd3 Qc7 {0-1 (57) Giri,A (2782)-Vachier Lagrave,M (2789) Leuven 2018}) 9... b4 10. Nd5 Nxd5 11. Qxd5 {The position is equal.} Ra7 12. Be3 Be6 13. Qd3 Ra8 14. O-O $146 ({Predecessor:} 14. c4 Nd7 15. b3 a5 16. O-O Qc7 {½-½ (47) Wehmeier,S (2433)-Esen,B (2559) Barcelona 2013}) 14... O-O 15. c4 Nd7 16. b3 Nc5 17. Qc2 Bd7 18. Nc1 Bg5 19. Bxg5 Qxg5 20. Rd1 Bg4 (20... Rfd8 $15) 21. Rxd6 $11 Rad8 {[%cal Ba8d8,Bd8d2,Bd2c2][%mdl 32]} 22. Rd5 Be6 {[#]} 23. Rxc5 $4 {[%mdl 8192]} (23. Na2 $1 $16 {keeps the pressure on.} Bxd5 24. cxd5) 23... Rd2 $19 24. f4 $2 (24. Rxe5 Qxe5 25. Qxd2 Qxa1 26. Bf1) 24... Qd8 {( -> ...Qd4+!). Black is clearly winning.} (24... Rxc2 $2 {perishes.} 25. fxg5 Rd8 26. Bf3 $18 (26. Rxe5 Rd1+ 27. Bf1 Kf8 $11)) 25. Rd5 Rxc2 26. Rxd8 Rxd8 27. Bf3 Rdd2 28. f5 Bd7 29. a5 Rc3 {Played: Bd7-c6} 0-1

[Event "Turkish Super League 2019"]
[Site "Konya"]
[Date "2019.07.19"]
[Round "3"]
[White "Benidze, Davit"]
[Black "Dastan, Muhammed Batuhan"]
[Result "1/2-1/2"]
[WhiteElo "2469"]
[BlackElo "2565"]
[Annotator "ChessBase"]
[PlyCount "65"]
[EventDate "2019.07.17"]
[EventType "team-tourn"]
[EventCountry "TUR"]
[SourceTitle "playchess.com"]
[Source "ChessBase"]
[SourceQuality "1"]
[TimeControl "40/5400+30:1800+30"]

1. g3 {[%emt 0:05:30]} g6 {[%emt 0:44:30]} 2. Bg2 {[%emt 0:00:30]} Bg7 {[%emt 0:00:30]} 3. Nf3 {[%emt 0:00:30]} d5 {[%emt 0:00:30]} 4. O-O {[%emt 0:00:30]} e5 {[%emt 0:00:30]} 5. d3 {[%emt 0:00:30]} Nc6 {[%emt 0:00:30]} 6. e4 {[%emt 0:01:30]} dxe4 {[%emt 0:00:30]} 7. dxe4 {[%emt 0:00:30]} Qxd1 {[%emt 0:00:30]} 8. Rxd1 {[%emt 0:00:30]} Bg4 {[%emt 0:00:30]} 9. c3 {[%emt 0:00:30]} Nf6 {[%emt 0:00:30]} 10. h3 {[%emt 0:00:30]} Be6 {[%emt 0:00:30]} 11. Ng5 {[%emt 0:00:30]} Bd7 {[%emt 0:00:30]} 12. Nd2 {[%emt 0:00:30]} h6 {[%emt 0:00:30]} 13. Ngf3 {[%emt 0:00:30]} Be6 {[%emt 0:00:30]} 14. b4 {[%emt 0:00:30]} a5 {[%emt 0:00:30]} 15. b5 {[%emt 0:01:30]} Na7 {[%emt 0:02:30]} 16. b6 {[%emt 0:39:30]} cxb6 {[%emt 0:00:30]} 17. Nxe5 {[%emt 0:04:30]} O-O-O {[%emt 0:01:30]} 18. Re1 {[%emt 0:14:30]} Nc6 {[%emt 0:16:30]} 19. Nxc6 {[%emt 0:14:29]} bxc6 {[%emt 0:00:30]} 20. e5 {[%emt 0:00:00]} Nd7 {[%emt 0:03:30]} 21. f4 {[%emt 0:00:00]} Nc5 {[%emt 0:00:30]} 22. Bxc6 {[%emt 0:07:27]} Nd3 {[%emt 0:15:47]} 23. Re2 {[%emt 0:00:48]} Bxh3 {[%emt 0:00:22]} 24. Ba3 {[%emt 0:02:26]} Bg4 {[%emt 0:00:30]} 25. Bf3 {[%emt 0:00:00]} Bxf3 {[%emt 0:01:52]} 26. Nxf3 {[%emt 0:00:30]} Nc5 {[%emt 0:00:40]} 27. Nd4 {[%emt 0:01:14]} Na4 {[%emt 0:01:51]} 28. Nb5 {[%emt 0:00:53]} Kd7 {[%emt 0:00:56]} 29. Nd6 {[%emt 0:01:44]} Bf8 {[%emt 0:00:40]} 30. c4 {[%emt 0:00:37]} Bxd6 {[%emt 0:01:00]} 31. Bxd6 {[%emt 0:01:05]} Rc8 {[%emt 0:00:05]} 32. Rc1 {[%emt 0:01:05]} h5 {[%emt 0:03:27]} 33. Rd2 {[%emt 0:00:34]} 1/2-1/2

[Event "Turkish Super League 2019"]
[Site "Konya"]
[Date "2019.07.19"]
[Round "3"]
[White "Firat, Burak"]
[Black "Annaberdiyev, Babageldi"]
[Result "1-0"]
[WhiteElo "2463"]
[BlackElo "2244"]
[Annotator "ChessBase"]
[PlyCount "139"]
[EventDate "2019.07.17"]
[EventType "team-tourn"]
[EventCountry "TUR"]
[SourceTitle "playchess.com"]
[Source "ChessBase"]
[SourceQuality "1"]
[TimeControl "40/5400+30:1800+30"]

1. e4 e6 2. d4 d5 3. Nc3 Bb4 4. e5 c5 5. a3 Bxc3+ 6. bxc3 Ne7 7. h4 Qa5 8. Bd2 c4 9. h5 h6 10. f4 Qa4 11. g4 Nbc6 12. Bh3 Bd7 13. Ne2 O-O-O 14. O-O g6 15. Ng3 Rdg8 16. Kh2 Kb8 17. f5 g5 18. Be3 Nc8 19. Qd2 Nb6 20. fxe6 fxe6 21. Rf6 Qa5 22. Ne2 Bc8 23. Qe1 Qa4 24. Qd2 Qa5 25. Bg2 Ka8 26. Qe1 Qa4 27. Qd2 Qa5 28. Qe1 Qa4 29. Qc1 Re8 30. Qb2 Nd7 31. Rf2 Qa5 32. Raf1 Qc7 33. Kh1 Ref8 34. Qc1 Qd8 35. Kg1 Qe7 36. Rxf8 Rxf8 37. Rxf8 Nxf8 38. a4 Nh7 39. Qa1 Bd7 40. Bc1 b6 41. Ng3 Kb7 42. Ba3 Qf7 43. Qf1 Qxf1+ 44. Kxf1 Nd8 45. a5 Ba4 46. Nf5 Bxc2 47. Nxh6 bxa5 48. Ke1 Kc7 49. Kd2 Bd3 50. Bf3 a6 51. Bd1 Nc6 52. Bc5 Be4 53. Ng8 Nd8 {[%emt 1:58:30]} 54. Ke3 {[%emt 2:20:27]} Nc6 {[%emt 0:07:30]} 55. Ba4 {[%emt 0:01:54]} Bb1 {[%emt 0:01:30]} 56. Nf6 {[%emt 0:00:20]} Bd3 {[%emt 0:01:33]} 57. Kd2 {[%emt 0:00:48]} Bb1 {[%emt 0:01:14]} 58. Bd6+ {[%emt 0:01:45]} Kb7 {[%emt 0:00:15]} 59. Kc1 {[%emt 0:01:58]} Bd3 {[%emt 0:00:03]} 60. h6 {[%emt 0:00:00]} Nd8 {[%emt 0:00:35]} 61. Nxh7 {[%emt 0:01:02]} Bxh7 {[%emt 0:00:02]} 62. Bc2 {[%emt 0:00:10]} Nf7 {[%emt 0:00:25]} 63. Bf8 {[%emt 0:01:16]} Be4 {[%emt 0:00:49]} 64. h7 {[%emt 0:01:05]} a4 {[%emt 0:00:01]} 65. Bxe4 {[%emt 0:01:00]} dxe4 {[%emt 0:00:30]} 66. d5 {[%emt 0:00:00]} Kc8 {[%emt 0:00:03]} 67. dxe6 {[%emt 0:00:19]} Nh8 {[%emt 0:00:30]} 68. Kd2 {[%emt 0:00:00]} Kd8 {[%emt 0:00:00]} 69. Ke3 {[%emt 0:00:33]} Ke8 {[%emt 0:00:00]} 70. Ba3 {[%emt 0:00:00]} 1-0

[Event "Turkish Super League 2019"]
[Site "Konya"]
[Date "2019.07.19"]
[Round "3"]
[White "Soysal, Serkan"]
[Black "Gulbas, Cemil"]
[Result "1-0"]
[WhiteElo "2431"]
[BlackElo "2380"]
[Annotator "NA"]
[PlyCount "57"]
[EventDate "2019.07.17"]
[EventType "team-tourn"]
[EventCountry "TUR"]
[SourceTitle "playchess.com"]
[Source "ChessBase"]
[SourceQuality "1"]
[TimeControl "40/5400+30:1800+30"]

1. d4 {[%emt 0:10:30]} Nf6 {[%emt 0:37:30]} 2. c4 {[%emt 0:00:30]} g6 {[%emt 0:00:30]} 3. Nc3 {[%emt 0:00:30]} Bg7 {[%emt 0:00:30]} 4. e4 {[%emt 0:00:30]} O-O {[%emt 0:00:30]} 5. Be3 {[%emt 0:00:30]} d6 {[%emt 0:00:30]} 6. h3 {[%emt 0:00:30]} e5 {[%emt 0:00:30]} 7. d5 {[%emt 0:00:30]} a5 {[%emt 0:00:30]} 8. g4 {[%emt 0:00:30]} Na6 {[%emt 0:00:30]} 9. Nge2 {[%emt 0:00:30]} Nd7 {[%emt 0:00:30]} 10. Qd2 {[%emt 0:00:30]} Ndc5 {[%emt 0:00:30]} 11. Ng3 {[%emt 0:00:30]} c6 {[%emt 0:00:30]} 12. Be2 {[%emt 0:00:30]} a4 {[%emt 0:00:30]} 13. h4 {[%emt 0:00:30]} Qa5 {[%emt 0:00:30]} 14. h5 {[%emt 0:00:30]} Re8 {[%emt 0:01:30]} 15. Kf1 {[%emt 0:12:30]} cxd5 {[%emt 0:05:30]} 16. cxd5 {[%emt 0:01:30]} Bd7 {[%emt 0:01:30]} 17. Kg2 {[%emt 0:23:30]} Rac8 {[%emt 0:00:30]} 18. hxg6 {[%emt 0:08:30]} fxg6 {[%emt 0:04:30]} 19. Rab1 {[%emt 0:00:30]} Rf8 {[%emt 0:07:30]} 20. Nb5 {[%emt 0:09:30]} Qb6 {[%emt 0:16:48]} 21. Na3 {[%emt 0:00:30]} Rf7 {[%emt 0:00:41]} 22. Nc4 {[%emt 0:04:30]} Qc7 {[%emt 0:00:32]} 23. b4 {[%emt 0:02:30]} axb3 {[%emt 0:00:30]} 24. axb3 {[%emt 0:00:00]} Bf8 {[%emt 0:06:44]} 25. Rhc1 {[%emt 0:03:13]} Qd8 {[%emt 0:00:56]} 26. Na5 {[%emt 0:03:25]} Be8 {[%emt 0:04:01]} 27. b4 {[%emt 0:01:18]} Na4 {[%emt 0:00:47]} 28. Nxb7 {[%emt 0:04:52]} Rxb7 {[%emt 0:00:22]} 29. Rxc8 {[%emt 0:02:50]} 1-0

[Event "Turkish Super League 2019"]
[Site "Konya"]
[Date "2019.07.19"]
[Round "3"]
[White "Szczepkowska, Karina"]
[Black "Maltsevskaya, Aleksandra"]
[Result "1/2-1/2"]
[WhiteElo "2425"]
[BlackElo "2294"]
[Annotator "NA"]
[PlyCount "60"]
[EventDate "2019.07.17"]
[EventType "team-tourn"]
[EventCountry "TUR"]
[SourceTitle "playchess.com"]
[Source "ChessBase"]
[SourceQuality "1"]
[TimeControl "40/5400+30:1800+30"]

1. d4 {[%emt 0:33:30]} Nf6 {[%emt 0:14:30]} 2. c4 {[%emt 0:00:30]} b6 {[%emt 0:00:30]} 3. Nf3 {[%emt 0:00:30]} Bb7 {[%emt 0:00:30]} 4. g3 {[%emt 0:00:30]} g6 {[%emt 0:00:30]} 5. Bg2 {[%emt 0:00:30]} Bg7 {[%emt 0:00:30]} 6. O-O {[%emt 0:00:30]} O-O {[%emt 0:00:30]} 7. Nc3 {[%emt 0:00:30]} Ne4 {[%emt 0:00:30]} 8. Nxe4 {[%emt 0:00:30]} Bxe4 {[%emt 0:00:30]} 9. d5 {[%emt 0:00:30]} e5 {[%emt 0:00:30]} 10. Bd2 {[%emt 0:00:30]} d6 {[%emt 0:00:30]} 11. Qc1 {[%emt 0:00:30]} Bxf3 {[%emt 0:04:30]} 12. exf3 {[%emt 0:03:30]} a5 {[%emt 0:03:30]} 13. Rb1 {[%emt 0:03:30]} Nd7 {[%emt 0:01:30]} 14. b3 {[%emt 0:00:30]} f5 {[%emt 0:07:30]} 15. Qc2 {[%emt 0:00:30]} Qf6 {[%emt 0:00:30]} 16. a3 {[%emt 0:01:30]} Qf7 {[%emt 0:16:30]} 17. Rbd1 {[%emt 0:07:30]} Ra7 {[%emt 0:08:30]} 18. Bc1 {[%emt 0:00:30]} Rb8 {[%emt 0:02:30]} 19. Rfe1 {[%emt 0:01:30]} Rab7 {[%emt 0:01:30]} 20. f4 {[%emt 0:05:30]} e4 {[%emt 0:05:30]} 21. f3 {[%emt 0:00:00]} exf3 {[%emt 0:00:30]} 22. Bxf3 {[%emt 0:03:00]} b5 {[%emt 0:03:30]} 23. cxb5 {[%emt 0:02:30]} Rxb5 {[%emt 0:00:00]} 24. Qxc7 {[%emt 0:04:30]} Rxb3 {[%emt 0:01:00]} 25. Bg2 {[%emt 0:01:30]} Bf8 {[%emt 0:02:30]} 26. Qxa5 {[%emt 0:02:30]} Nc5 {[%emt 0:01:30]} 27. Re3 {[%emt 0:06:30]} Rb1 {[%emt 0:07:34]} 28. Ree1 {[%emt 0:00:30]} R1b3 {[%emt 0:09:27]} 29. Re3 {[%emt 0:00:30]} Rb1 {[%emt 0:01:37]} 30. Ree1 {[%emt 0:00:30]} R1b3 {[%emt 0:00:08]} 1/2-1/2

[Event "Turkish Super League 2019"]
[Site "Konya"]
[Date "2019.07.19"]
[Round "3"]
[White "Tsolakidou, Stavroula"]
[Black "Mammadzada, Gunay"]
[Result "1-0"]
[WhiteElo "2423"]
[BlackElo "2427"]
[Annotator "NA"]
[PlyCount "68"]
[EventDate "2019.07.17"]
[EventType "team-tourn"]
[EventCountry "TUR"]
[SourceTitle "playchess.com"]
[Source "ChessBase"]
[SourceQuality "1"]
[TimeControl "40/5400+30:1800+30"]

1. e4 {[%emt 0:11:30]} c5 {[%emt 0:41:30]} 2. Nf3 {[%emt 0:00:30]} d6 {[%emt 0:00:30]} 3. Bb5+ {[%emt 0:00:30]} Nd7 {[%emt 0:00:30]} 4. Ba4 {[%emt 0:00:30]} Ngf6 {[%emt 0:00:30]} 5. O-O {[%emt 0:00:30]} e6 {[%emt 0:00:30]} 6. Re1 {[%emt 0:00:30]} Be7 {[%emt 0:00:30]} 7. c3 {[%emt 0:00:30]} a6 {[%emt 0:00:30]} 8. d4 {[%emt 0:00:30]} b5 {[%emt 0:00:30]} 9. Bc2 {[%emt 0:00:30]} Bb7 {[%emt 0:00:30]} 10. Nbd2 {[%emt 0:00:30]} cxd4 {[%emt 0:00:30]} 11. cxd4 {[%emt 0:00:30]} e5 {[%emt 0:00:30]} 12. Nf1 {[%emt 0:11:30]} O-O {[%emt 0:05:30]} 13. d5 {[%emt 0:08:30]} Nb6 {[%emt 0:01:30]} 14. Bd3 {[%emt 0:11:30]} Re8 {[%emt 0:06:30]} 15. b3 {[%emt 0:06:30]} Nfd7 {[%emt 0:07:30]} 16. Bd2 {[%emt 0:21:30]} f5 {[%emt 0:05:30]} 17. Ba5 {[%emt 0:02:30]} Qb8 {[%emt 0:08:07]} 18. a4 {[%emt 0:05:57]} bxa4 {[%emt 0:02:22]} 19. bxa4 {[%emt 0:02:02]} Qa7 {[%emt 0:00:13]} 20. Rb1 {[%emt 0:07:10]} Rab8 {[%emt 0:01:11]} 21. Ne3 {[%emt 0:03:24]} f4 {[%emt 0:01:09]} 22. Nf5 {[%emt 0:00:05]} Bf8 {[%emt 0:00:00]} 23. Ng5 {[%emt 0:00:34]} g6 {[%emt 0:04:07]} 24. Nh4 {[%emt 0:01:11]} Bh6 {[%emt 0:09:27]} 25. Ne6 {[%emt 0:03:05]} Na8 {[%emt 0:01:59]} 26. Bb4 {[%emt 0:00:24]} Nc5 {[%emt 0:00:11]} 27. Bxc5 {[%emt 0:00:59]} dxc5 {[%emt 0:00:30]} 28. Qg4 {[%emt 0:00:30]} Bc8 {[%emt 0:00:30]} 29. Rxb8 {[%emt 0:00:30]} Qxb8 {[%emt 0:00:30]} 30. Nxg6 {[%emt 0:00:00]} Bxe6 {[%emt 0:00:25]} 31. Ne7+ {[%emt 0:00:10]} Kh8 {[%emt 0:01:28]} 32. Qxe6 {[%emt 0:00:07]} c4 {[%emt 0:00:05]} 33. Qxh6 {[%emt 0:00:57]} Rxe7 {[%emt 0:00:40]} 34. Rb1 {[%emt 0:00:23]} Re6 {[%emt 0:01:00]} 1-0

[Event "Turkish Super League 2019"]
[Site "Konya"]
[Date "2019.07.19"]
[Round "3"]
[White "Kerigan, Demre"]
[Black "Haznedaroglu, Kivanc"]
[Result "0-1"]
[WhiteElo "2398"]
[BlackElo "2448"]
[Annotator "NA"]
[PlyCount "80"]
[EventDate "2019.07.17"]
[EventType "team-tourn"]
[EventCountry "TUR"]
[SourceTitle "playchess.com"]
[Source "ChessBase"]
[SourceQuality "1"]
[TimeControl "40/5400+30:1800+30"]

1. e4 {[%emt 0:28:30]} c5 {[%emt 0:15:30]} 2. Nc3 {[%emt 0:00:30]} a6 {[%emt 0:00:30]} 3. g3 {[%emt 0:00:30]} g6 {[%emt 0:00:30]} 4. Bg2 {[%emt 0:00:30]} Bg7 {[%emt 0:00:30]} 5. Nge2 {[%emt 0:00:30]} Nc6 {[%emt 0:00:30]} 6. d3 {[%emt 0:00:30]} d6 {[%emt 0:00:30]} 7. O-O {[%emt 0:00:30]} e6 {[%emt 0:00:30]} 8. f4 {[%emt 0:00:30]} Nge7 {[%emt 0:00:30]} 9. Be3 {[%emt 0:00:30]} Nd4 {[%emt 0:00:30]} 10. Qd2 {[%emt 0:00:30]} O-O {[%emt 0:00:30]} 11. g4 {[%emt 0:00:30]} f5 {[%emt 0:00:30]} 12. exf5 {[%emt 0:00:30]} exf5 {[%emt 0:00:30]} 13. g5 {[%emt 0:00:30]} Be6 {[%emt 0:00:30]} 14. Rae1 {[%emt 0:00:30]} Bf7 {[%emt 0:00:30]} 15. Nc1 {[%emt 0:00:30]} Qd7 {[%emt 0:00:30]} 16. Nd1 {[%emt 0:00:30]} Rae8 {[%emt 0:00:30]} 17. c3 {[%emt 0:00:30]} Ndc6 {[%emt 0:00:30]} 18. Bf2 {[%emt 0:03:30]} b5 {[%emt 0:01:30]} 19. Ne3 {[%emt 0:05:30]} Qc7 {[%emt 0:09:30]} 20. Nb3 {[%emt 0:19:30]} a5 {[%emt 0:01:30]} 21. d4 {[%emt 0:07:30]} a4 {[%emt 0:07:30]} 22. dxc5 {[%emt 0:08:30]} Rd8 {[%emt 0:06:30]} 23. cxd6 {[%emt 0:03:58]} axb3 {[%emt 0:05:30]} 24. Rd1 {[%emt 0:00:07]} Qb8 {[%emt 0:02:30]} 25. axb3 {[%emt 0:02:23]} Bxb3 {[%emt 0:02:30]} 26. dxe7 {[%emt 0:01:26]} Nxe7 {[%emt 0:00:00]} 27. Qe2 {[%emt 0:02:15]} Bxd1 {[%emt 0:03:00]} 28. Nxd1 {[%emt 0:01:41]} Rfe8 {[%emt 0:00:30]} 29. Qe6+ {[%emt 0:06:22]} Kh8 {[%emt 0:00:30]} 30. Qf7 {[%emt 0:01:33]} Qxf4 {[%emt 0:05:30]} 31. Bb6 {[%emt 0:01:01]} Qxg5 {[%emt 0:00:00]} 32. Bxd8 {[%emt 0:00:09]} Rxd8 {[%emt 0:00:00]} 33. Re1 {[%emt 0:00:03]} Ng8 {[%emt 0:08:30]} 34. Nf2 {[%emt 0:01:06]} b4 {[%emt 0:08:30]} 35. Qc7 {[%emt 0:02:19]} bxc3 {[%emt 0:05:33]} 36. bxc3 {[%emt 0:00:03]} Rd2 {[%emt 0:00:16]} 37. Qc4 {[%emt 0:02:03]} Rc2 {[%emt 0:02:02]} 38. Qd5 {[%emt 0:00:39]} Qd2 {[%emt 0:07:14]} 39. Nd3 {[%emt 0:00:45]} Qxc3 {[%emt 0:03:55]} 40. Re8 {[%emt 0:00:54]} Bd4+ {[%emt 0:00:00]} 0-1

[Event "Turkish Super League 2019"]
[Site "Konya"]
[Date "2019.07.19"]
[Round "3"]
[White "Yurtseven, Melih"]
[Black "Ozen, Deniz"]
[Result "1/2-1/2"]
[WhiteElo "2381"]
[BlackElo "2430"]
[Annotator "NA"]
[PlyCount "106"]
[EventDate "2019.07.17"]
[EventType "team-tourn"]
[EventCountry "TUR"]
[SourceTitle "playchess.com"]
[Source "ChessBase"]
[SourceQuality "1"]
[TimeControl "40/5400+30:1800+30"]

1. Nf3 Nf6 2. c4 c6 3. d4 d5 4. Qc2 dxc4 5. e4 Bg4 6. Be3 Nbd7 7. Nbd2 e6 8. Bxc4 Be7 9. Bd3 Bxf3 10. Nxf3 Bb4+ 11. Kf1 h6 12. h3 Be7 13. g3 O-O 14. Kg2 c5 15. Qe2 cxd4 16. Bxd4 Bc5 17. Bc3 Qe7 18. e5 Nd5 19. Bd2 f5 20. exf6 Rxf6 21. Rhf1 Raf8 22. Be4 Qf7 23. Be1 Qh5 24. Rd1 Kh8 25. Bxd5 exd5 26. Nd4 Qf7 27. Bc3 Bb6 28. Rde1 Nc5 29. f3 Na4 30. Qe7 Nxc3 31. Qxf7 R6xf7 32. bxc3 Bxd4 33. cxd4 Rc7 34. Re5 Rd8 35. Rf2 Rc4 36. Rd2 Rd7 37. f4 b5 38. Kf3 b4 39. Kg4 Kg8 40. f5 Rc3 41. Re6 a5 42. Ra6 Re7 43. Kh4 Ree3 {[%emt 1:59:30]} 44. Rg2 {[%emt 2:17:09]} Rcd3 {[%emt 0:02:30]} 45. Rxa5 {[%emt 0:00:46]} Rxd4+ {[%emt 0:00:30]} 46. g4 {[%emt 0:00:08]} Kh7 {[%emt 0:00:51]} 47. Rh2 {[%emt 0:02:32]} Rf3 {[%emt 0:02:59]} 48. Kh5 {[%emt 0:00:55]} Rg3 {[%emt 0:04:36]} 49. Ra6 {[%emt 0:02:01]} Rd2 {[%emt 0:02:24]} 50. Rh1 {[%emt 0:00:53]} Rd1 {[%emt 0:00:05]} 51. Rh2 {[%emt 0:00:16]} Rd2 {[%emt 0:00:01]} 52. Rh1 {[%emt 0:00:23]} Rd1 {[%emt 0:00:01]} 53. Rh2 {[%emt 0:00:13]} Rd2 {[%emt 0:00:28]} 1/2-1/2

[Event "Turkish Super League 2019"]
[Site "Konya"]
[Date "2019.07.19"]
[Round "3"]
[White "Tanriverdi, Enes"]
[Black "Esipenko, Andrey"]
[Result "0-1"]
[WhiteElo "2374"]
[BlackElo "2621"]
[Annotator "TA"]
[PlyCount "84"]
[EventDate "2019.07.17"]
[EventType "team-tourn"]
[EventCountry "TUR"]
[SourceTitle "playchess.com"]
[Source "ChessBase"]
[SourceQuality "1"]

{[%evp 9,84,18,20,0,0,5,1,3,9,0,4,6,21,0,0,0,0,-17,0,0,0,0,8,-24,-23,-13,-16,-12,-17,-56,-50,-56,-62,-122,-105,-145,-160,-192,-204,-273,-220,-260,-252,-247,-242,-238,-243,-247,-241,-229,-240,-265,-240,-305,-286,-273,-252,-300,-260,-331,-321,-452,-453,-466,-412,-413,-400,-389,-362,-631,-622,-735,-709,-992,-958,-772,-641]} 1. d4 Nf6 2. c4 e6 3. Nf3 b6 4. g3 Ba6 5. Qc2 c5 6. d5 {E15: Queen's Indian: 4 g3 sidelines, 4 g3 Ba6 and 4 g3 Bb7 early deviations} exd5 7. cxd5 Bb7 8. Bg2 {The position is equal.} Nxd5 9. O-O {And now Ng5 would win.} Nc6 $146 ({Predecessor:} 9... Be7 10. Rd1 {1-0 (52) Moranda,W (2593)-Kovalenko,I (2639) Katowice 2017}) 10. Rd1 Be7 11. Qf5 (11. Rxd5 $2 Nb4 $19) 11... Nf6 12. e4 g6 13. Qf4 O-O 14. e5 Nh5 15. Qg4 Qc7 16. Bh6 Rfd8 17. Nc3 $1 {[%cal Rc3d5] aiming for Nd5.} Nxe5 18. Nxe5 Bxg2 19. Kxg2 {Hoping for Rd5.} Qxe5 20. Re1 Qd6 21. Rad1 ({Better is} 21. Qf3 $15 Bf8 22. Rad1) 21... Qc6+ $17 22. Kg1 Bf8 23. Bg5 {[#]} Re8 $1 24. Rf1 Re6 25. Nd5 Re5 26. Nc3 Ng7 27. Bf4 Rf5 28. Qh3 Ne6 29. Be3 Bg7 30. f4 {White hopes to continue with g4.} Bd4 31. Rde1 h5 32. Bxd4 Nxd4 $40 {[%mdl 128] Black wants a kill.} 33. Ne4 Ne6 34. g4 hxg4 ({Worse is} 34... Nxf4 35. Qg3 $14) ({Much less strong is} 34... Rxf4 35. Rxf4 Nxf4 36. Qf3 $19) 35. Qh4 (35. Qxg4 {was worth a try.} Qa4 36. Qd1) 35... Qa4 $19 36. Qxg4 Qd4+ 37. Kh1 d5 38. Nd6 Rxf4 39. Qh3 $2 (39. Rxf4 Nxf4 40. Rf1) 39... Qf6 {Black is clearly winning.} 40. Rxf4 Nxf4 41. Qd7 {[#]} Nd3 $1 {( -> ...Qf3+)} 42. Re8+ Rxe8 {Accuracy: White = 46%, Black = 85%.} 0-1